01369nam a22003497a 4500003000500000005001700005008004100022010001000063011001000073035001000083040000900093090001000102100004400112245008800156260004000244300001900284502008000303590003700383590004100420590004100461590004100502590004200543650004500585650002900630901000700659942000900666949003500675949004000710999001700750952012500767952012700892CHAP20220329141651.0971013s1956 r 00010 d a71882 a72854 a82410 cCHAP aTesis00aGandarillas Santa Cruz, Oswaldo.945541 aProyecto de bordo del almacenamiento de lagunillas, municipio de Tepatitlán, Jal. aChapingo, Méx. :bEl autor,c1956 a65 h.b: ilus. aTesis (Ing. Agr. Esp. en Irrigación) -- ENA. Departamento de Irrigación aALEPHb10c20130110lUCH01h1412 aBATCH-UPDb10c20130110lUCH01h0551 aBATCH-UPDb10c20130410lUCH01h0232 aBATCH-UPDb10c20130914lUCH01h1525 aCONVERSIONb10c20130109lUCH01h133914aIrrigaciónxProyectosxJalisco.96045714aPresas de tierra.991510 aBK cFOLL bBCcTESd-36461eTS1i82410si bBCcTESd-36462eTS2fc.2i82410si c71882d71882 00102local4053708TESISaBCbBCcPA_TESISd2012-12-17fTESISl0p-36462r2019-12-31 00:00:00tc.2w2019-12-31yTESIS 00102local4051708TESISaBCbBCcPA_TESISd2012-12-17fTESISl0oTesisp-36461r2019-12-31 00:00:00w2012-12-17yTESIS